| 000 | 00501nam a22001457a 4500 | ||
|---|---|---|---|
| 999 |
_c129911 _d129911 |
||
| 008 | 191016b ||||| |||| 00| 0 eng d | ||
| 050 |
_aB29 _b.S53 |
||
| 100 |
_aSmart, John Jamieson Carswell _948322 |
||
| 245 |
_aPhilosophy and scientific realism _cJ.J.C. Smart |
||
| 260 |
_aLondon _bRoutledge and kegan paul _c1963 |
||
| 300 |
_aviii, 160p. ; _c22cm. |
||
| 440 |
_aInternational library of philosophy and scientific method _9545 |
||
| 650 |
_aPhilosophy _xAddresses _925189 |
||
| 942 |
_2lcc _cMONOGRAPH |
||